GCSE Dance - Physical Skills - Statistics

General Stats
  • This quiz has been taken 31 times
  • The average score is 9 of 11
Answer Stats
Hint Answer % Correct
The way the body is held Posture
100%
Muscular power Strength
96%
Ability to hold a steady or still position by an even distribution of weight Balance
91%
Range of movements within the joints (involving muscles, tendons and ligaments) Flexibility
87%
Correct placement of body parts in relation to each other Alignment
83%
Lengthening one or more muscles or limbs Extension
78%
Ability to start and stop movement, change direction and hold a shape efficiently Control
74%
Moving part of the body independently Isolation
74%
the ability to maintain physical and mental energy over periods of time Stamina
74%
The ability to execute several movements or tasks simultaneously. Coordination
70%
Range of movement in a joint; the ability to move fluidly from action to action Mobility
52%
No matching quizzes found
Score Distribution
Percent of People with Each Score
Percentile by Number Answered
Your Score History
You have not taken this quiz